[Event "Michigan Action"]
[Site "Detroit, MI"]
[Date "1998.12.13"]
[Round "4"]
[White "Jointer, William"]
[Black "Hooker, Larry"]
[Result "1-0"]
[WhiteElo "1600"]
[BlackElo "1279"]
[PlyCount "50"]
[EventDate "1998.12.13"]

1. d4 Nf6 2. Nc3 d5 3. e4 dxe4 4. f3 exf3 5. Nxf3 Bg4 6. Be3 Nd5 7. Nxd5 Qxd5
8. Be2 e6 9. O-O Bd6 10. c4 Qe4 11. Ng5 Qxe3+ 12. Kh1 Bxe2 13. Qa4+ c6 14. Nxf7
Bxf1 15. Nxd6+ Ke7 16. Qb4 Bxg2+ 17. Kxg2 Qe2+ 18. Kg1 Kd7 19. Re1 Qg4+ 20. Kf1
b6 21. Ne4 Qf4+ 22. Kg1 Rf8 23. Ng3 Qxd4+ 24. Kh1 c5 25. Qb5+ Nc6 $138 1-0

[Event "Michigan Action"]
[Site "Detroit, MI"]
[Date "1998.12.13"]
[Round "6"]
[White "Jointer, William"]
[Black "Berry, DeMarcus"]
[Result "0-1"]
[WhiteElo "1600"]
[BlackElo "1320"]
[PlyCount "76"]
[EventDate "1998.12.13"]

1. d4 Nf6 2. Nc3 g6 3. e4 d6 4. f4 Nbd7 5. Nf3 Bg7 6. Bc4 c6 7. Bxf7+ Kxf7 8.
Ng5+ Kg8 9. Ne6 Qa5 10. Bd2 Nf8 11. Ne2 Qh5 12. d5 Nxe4 13. O-O Nxe6 14. dxe6
Bxe6 15. c3 Bc4 16. Rf3 Nxd2 17. Qxd2 Bxe2 18. Qxe2 Qc5+ 19. Kh1 Bf6 20. b4 Qb5
21. Qe6+ Kg7 22. a4 Qd5 23. Qe3 Rae8 24. Rc1 e5 25. f5 e4 26. Rh3 Qxf5 27. Qxa7
Re7 28. Kg1 e3 29. Rxe3 Rxe3 30. Qxe3 Bg5 31. Qd4+ Qe5 32. Qxe5+ dxe5 33. Rd1
Rd8 34. Rxd8 Bxd8 35. Kf2 Kf6 36. Kf3 Kf5 37. Ke3 Bb6+ 38. Kd3 e4+ 0-1

[Event "Michigan Action"]
[Site "Detroit, MI"]
[Date "1998.12.13"]
[Round "5"]
[White "Johnson, Christopher"]
[Black "Powell, Antione"]
[Result "0-1"]
[WhiteElo "881"]
[BlackElo "655"]
[PlyCount "60"]
[EventDate "1998.12.13"]

1. d4 g6 2. Nf3 d6 3. c4 Nf6 4. Nc3 Bg7 5. Bg5 O-O 6. e3 Nbd7 7. Bd3 e5 8. O-O
Re8 9. Ne4 h6 10. Nxf6+ Bxf6 11. Bxf6 Nxf6 12. Re1 c6 13. h3 d5 14. c5 b6 15.
dxe5 Ne4 16. cxb6 axb6 17. Qc2 c5 18. Bxe4 dxe4 19. Rad1 Qe7 20. Qxe4 Bf5 21.
Qc6 Rxa2 22. Qxb6 Be4 23. Nd2 Qxe5 24. Nc4 Qe7 25. Nd6 Rd8 26. Qxc5 Rxb2 27.
Rd4 Qf6 28. Nf5 gxf5 29. Rxd8+ Qxd8 30. Qc3 Rb5 0-1

[Event "Michigan Action"]
[Site "Detroit, MI"]
[Date "1998.12.13"]
[Round "4"]
[White "Johnson, Christopher"]
[Black "Bohland, Jonathon"]
[Result "0-1"]
[WhiteElo "881"]
[BlackElo "1052"]
[PlyCount "86"]
[EventDate "1998.12.13"]

1. d4 d5 2. c4 e6 3. Nc3 Nf6 4. Nf3 Be7 5. Bf4 O-O 6. e3 c5 7. Bd3 Nc6 8. e4
dxe4 9. Nxe4 Nxe4 10. Bxe4 Nxd4 11. Nxd4 Qxd4 12. Qxd4 cxd4 13. Be5 Bc5 14. O-O
f6 15. Bf4 e5 16. Bd2 Rb8 17. a3 Be6 18. b4 Be7 19. c5 f5 20. Bc2 e4 21. Ba4 b5
22. Bd1 Bf6 23. Bf4 Rbc8 24. Rc1 d3 25. Bd6 Rfd8 26. f3 Rxd6 27. cxd6 Rxc1 28.
fxe4 fxe4 29. Re1 e3 30. Rxe3 Rxd1+ 31. Kf2 Bd4 32. g4 Bxe3+ 33. Kxe3 Bxg4 34.
h4 Kf8 35. Kf4 Bc8 36. Kg5 Rf1 37. d7 Bxd7 38. h5 h6+ 39. Kg6 Rf6+ 40. Kh7 Bf5+
41. Kh8 Kf7 42. a4 Re6 43. axb5 Re8# 0-1

[Event "Michigan Action"]
[Site "Detroit, MI"]
[Date "1998.12.13"]
[Round "3"]
[White "Jackson, Katrina"]
[Black "Spencer, Tyrone"]
[Result "1-0"]
[WhiteElo "1339"]
[BlackElo "922"]
[PlyCount "45"]
[EventDate "1998.12.13"]

1. d4 e6 2. c4 Nf6 3. Nc3 Bb4 4. Bd2 Bxc3 5. Bxc3 Nc6 6. Nf3 O-O 7. e3 Ne4 8.
d5 Nxc3 9. bxc3 exd5 10. cxd5 Ne7 11. c4 d6 12. Be2 c5 13. O-O Nf5 14. Qd3 Nh4
15. Rab1 Nxf3+ 16. Bxf3 Qg5 17. Kh1 Bf5 18. e4 Bg6 19. Rxb7 f5 20. Rd7 Rad8 21.
Rxa7 Rfe8 22. Qc3 fxe4 23. Qxg7# 1-0

[Event "Michigan Action"]
[Site "Detroit, MI"]
[Date "1998.12.13"]
[Round "1"]
[White "Jackson, Katrina"]
[Black "Powell, Chris"]
[Result "1-0"]
[WhiteElo "1339"]
[BlackElo "655"]
[PlyCount "65"]
[EventDate "1998.12.13"]

1. d4 d5 2. c4 e6 3. Nc3 Bb4 4. Bd2 Bxc3 5. Bxc3 dxc4 6. e3 b5 7. Nf3 Nf6 8.
Be2 Ne4 9. O-O O-O 10. a4 Ba6 11. axb5 Bxb5 12. Bb4 Re8 13. Ne5 Na6 14. f3 f6
15. Nxc4 Nxb4 16. fxe4 g6 17. Qb3 Nc6 18. Qxb5 Ne7 19. Rxf6 c6 20. Qc5 Kg7 21.
Rxe6 Kf7 22. Qe5 Ng8 23. Nd6+ Qxd6 24. Qxd6 Rxe6 25. Bc4 Rae8 26. Qd7+ R8e7 27.
Bxe6+ Kf6 28. Rf1+ Kg7 29. Rf7+ Kh6 30. Rxe7 Nxe7 31. Qxe7 g5 32. Bf5 c5 33.
Qxh7# 1-0

[Event "Michigan Action"]
[Site "Detroit, MI"]
[Date "1998.12.13"]
[Round "5"]
[White "Jackson, Katrina"]
[Black "Gillom, Donte"]
[Result "0-1"]
[WhiteElo "1339"]
[BlackElo "1090"]
[PlyCount "68"]
[EventDate "1998.12.13"]

1. d4 b6 2. c4 Bb7 3. Nc3 e6 4. e4 Bb4 5. Nge2 Bxe4 6. a3 Bxc3+ 7. Nxc3 Bb7 8.
Be2 Bxg2 9. Rg1 Bb7 10. Rxg7 Qh4 11. Bf4 Qxf4 12. Qd3 Qxh2 13. O-O-O Qh6+ 14.
Rg5 Qxg5+ 15. Kb1 a6 16. Ka1 h5 17. d5 Qg6 18. Qd4 Rh6 19. dxe6 fxe6 20. c5 Qf6
21. Bxh5+ Rxh5 22. Qxf6 Nxf6 23. cxb6 cxb6 24. f4 Nd5 25. Nxd5 Rxd5 26. Rc1 Nc6
27. Re1 Rc8 28. Kb1 Ne7 29. b4 Rd4 30. Rf1 Be4+ 31. Ka1 Rd2 32. Re1 Bf5 33. a4
Rcc2 34. a5 Ra2# 0-1

[Event "Michigan Action"]
[Site "Detroit, MI"]
[Date "1998.12.13"]
[Round "3"]
[White "Hooker, Larry"]
[Black "Guo, Josh"]
[Result "0-1"]
[WhiteElo "1279"]
[BlackElo "2031"]
[PlyCount "62"]
[EventDate "1998.12.13"]

1. e4 c5 2. Nc3 Nc6 3. f4 g6 4. Nf3 Bg7 5. Bb5 d6 6. O-O a6 7. Bxc6+ bxc6 8. f5
Nf6 9. fxg6 hxg6 10. h3 O-O 11. d3 Rb8 12. Kh1 Qc7 13. Bf4 Rxb2 14. e5 Nd5 15.
Nxd5 cxd5 16. Qc1 Rb8 17. d4 Bf5 18. exd6 exd6 19. Bh6 Rfe8 20. Bxg7 Kxg7 21.
Nh4 Be4 22. dxc5 dxc5 23. Qd2 Qg3 24. Rf4 Rh8 25. Rg4 Qxh3+ 26. Kg1 Qxg4 27.
Qc3+ d4 28. Qxc5 Rxh4 29. Qxd4+ f6 30. Qa7+ Rb7 31. Qf2 Qxg2+ 0-1

[Event "Michigan Action"]
[Site "Detroit, MI"]
[Date "1998.12.13"]
[Round "5"]
[White "Hooker, Larry"]
[Black "Crawford, Brandon"]
[Result "1-0"]
[WhiteElo "1279"]
[BlackElo "1005"]
[PlyCount "79"]
[EventDate "1998.12.13"]

1. e4 e5 2. Nf3 Nc6 3. Bc4 d6 4. d3 h6 5. Nc3 Nf6 6. d4 Be7 7. dxe5 Nxe5 8.
Nxe5 dxe5 9. Qxd8+ Kxd8 10. Bxf7 Bb4 11. Bg6 b6 12. Bd2 Bb7 13. O-O-O Ke7 14.
h3 Rad8 15. a3 Bxc3 16. Bxc3 Rxd1+ 17. Rxd1 Nd7 18. Bf5 Rd8 19. Bxd7 Rxd7 20.
Bxe5 Rxd1+ 21. Kxd1 Ke6 22. Bxg7 h5 23. Kd2 Kf7 24. Bc3 Kg6 25. Ke3 Kg5 26. g3
Bc8 27. h4+ Kg6 28. Kf4 Kf7 29. Kg5 Kg8 30. Kxh5 Kh7 31. Kg5 Kg8 32. g4 Be6 33.
f4 Kh7 34. f5 Bf7 35. e5 Be8 36. Kf6 Kg8 37. e6 Kf8 38. h5 Kg8 39. Ke7 Bxh5 40.
gxh5 1-0

[Event "Michigan Action"]
[Site "Detroit, MI"]
[Date "1998.12.13"]
[Round "2"]
[White "Guo, Josh"]
[Black "Scott, Tyron"]
[Result "1-0"]
[WhiteElo "2031"]
[BlackElo "1345"]
[PlyCount "65"]
[EventDate "1998.12.13"]

1. e4 e6 2. d4 d5 3. e5 c5 4. c3 Nc6 5. Nf3 Qb6 6. Bd3 Bd7 7. O-O cxd4 8. cxd4
Rc8 9. Nc3 Nxd4 10. Nxd4 Qxd4 11. Qe2 Qb6 12. Kh1 Bb4 13. Bd2 Ne7 14. Nb5 Bxb5
15. Bxb5+ Kf8 16. Bxb4 a6 17. Bxe7+ Kxe7 18. Bd3 f6 19. exf6+ gxf6 20. f4 Qc7
21. Rae1 Qd6 22. Qg4 Rcg8 23. Qh4 h5 24. Re2 Rg4 25. Qh3 Kf7 26. Rfe1 Qxf4 27.
Rxe6 Kg7 28. Qf3 Qxf3 29. gxf3 Rd4 30. R1e3 Rc8 31. Re7+ Kh6 32. Kg2 Rg8+ 33.
Kf2 1-0

[Event "Michigan Action"]
[Site "Detroit, MI"]
[Date "1998.12.13"]
[Round "5"]
[White "Grant, Marco"]
[Black "Jointer, William"]
[Result "1-0"]
[WhiteElo "1494"]
[BlackElo "1600"]
[PlyCount "65"]
[EventDate "1998.12.13"]

1. e4 c5 2. Nf3 Nc6 3. d4 cxd4 4. Nxd4 Nf6 5. Nc3 g6 6. Be3 Bg7 7. Bc4 O-O 8.
f3 Qa5 9. Qd2 Rd8 10. O-O-O d5 11. Nb3 Qb4 12. Bxd5 e6 13. Bc5 Rxd5 14. exd5
Qh4 15. dxc6 Nd5 16. Nxd5 exd5 17. Qxd5 Be6 18. Qe4 Qf6 19. Bd4 Bh6+ 20. Kb1
Qe7 21. cxb7 Rb8 22. Qe5 f6 23. Qxb8+ Kg7 24. Bc5 Qf7 25. Bf8+ Qxf8 26. Qxf8+
Kxf8 27. b8=Q+ Kg7 28. Qc7+ Bf7 29. Rd7 Be3 30. Rxf7+ Kh6 31. Re1 Bf2 32. Qf4+
g5 33. Qxf6+ 1-0

[Event "Michigan Action"]
[Site "Detroit, MI"]
[Date "1998.12.13"]
[Round "2"]
[White "Grant, Marco"]
[Black "Ghobrial, Ameer"]
[Result "0-1"]
[WhiteElo "1494"]
[BlackElo "2107"]
[PlyCount "64"]
[EventDate "1998.12.13"]

1. e4 e6 2. d4 d5 3. e5 c5 4. c3 Nc6 5. Nf3 Qb6 6. dxc5 Bxc5 7. Qc2 Bd7 8. b4
Bf8 9. Be3 Qc7 10. Bf4 Nxb4 11. Qb3 Nc6 12. Bd3 f6 13. Bb5 fxe5 14. Bxc6 exf4
15. Bxd7+ Kxd7 16. Qb5+ Kd8 17. Nd4 Qd7 18. Qe2 Ke7 19. O-O Kf7 20. Re1 Re8 21.
Qg4 Bd6 22. Nd2 Nf6 23. Qd1 e5 24. N4f3 h6 25. Qb3 e4 26. Nd4 Re5 27. Rab1 b6
28. Nf1 Rg5 29. Qd1 f3 30. Ng3 Nh5 31. Rb2 Nf4 32. gxf3 Qh3 0-1

[Event "Michigan Action"]
[Site "Detroit, MI"]
[Date "1998.12.13"]
[Round "4"]
[White "Grant, Marco"]
[Black "Chrzan, Anthony"]
[Result "1-0"]
[WhiteElo "1494"]
[BlackElo "1127"]
[PlyCount "51"]
[EventDate "1998.12.13"]

1. e4 e5 2. Nf3 d6 3. d4 Bg4 4. dxe5 Bxf3 5. Qxf3 dxe5 6. Bc4 Nf6 7. Qb3 Qd7 8.
Qxb7 Qc6 9. Bb5 Qxb5 10. Qxb5+ Kd8 11. Bg5 Nbd7 12. Bxf6+ gxf6 13. Nc3 Rb8 14.
Qd5 Ke8 15. O-O-O Bd6 16. Nb5 Rb6 17. Nxc7+ Bxc7 18. Qxd7+ Kf8 19. Qxc7 Kg7 20.
Rd7 Rf8 21. Qxa7 Rbb8 22. Rxf7+ Rxf7 23. Qxb8 Kg6 24. Qg8+ Rg7 25. Qxg7+ Kxg7
26. a4 1-0

[Event "Michigan Action"]
[Site "Detroit, MI"]
[Date "1998.12.13"]
[Round "2"]
[White "Gillom, Donte"]
[Black "Thompson, Shereece"]
[Result "1-0"]
[WhiteElo "1090"]
[BlackElo "765"]
[PlyCount "70"]
[EventDate "1998.12.13"]

1. b3 e5 2. Bb2 Nf6 3. Bxe5 d6 4. Bb2 Be7 5. e3 d5 6. d4 Nc6 7. c4 Bf5 8. Nd2
Bb4 9. a3 Bd6 10. cxd5 Nxd5 11. Bc4 Be6 12. Bxd5 Bxd5 13. e4 Bxe4 14. Nxe4 Qe7
15. Qe2 Bf4 16. g3 Bh6 17. Nc5 Qxe2+ 18. Nxe2 O-O 19. O-O Rae8 20. Rfe1 Na5 21.
b4 Nc4 22. Bc3 Bd2 23. Bxd2 Nxd2 24. Kg2 b6 25. Nd7 Nb3 26. Rad1 Rd8 27. Nxf8
Kxf8 28. Rd3 Nxd4 29. Nxd4 c5 30. Ne6+ Ke7 31. Nxg7+ Kf6 32. Rxd8 Kxg7 33. Re7
cxb4 34. Rxa7 bxa3 35. Rxa3 Kg6 1-0

[Event "Michigan Action"]
[Site "Detroit, MI"]
[Date "1998.12.13"]
[Round "5"]
[White "Ghobrial, Ameer"]
[Black "Thompson, Dexter"]
[Result "0-1"]
[WhiteElo "2107"]
[BlackElo "2200"]
[PlyCount "88"]
[EventDate "1998.12.13"]

1. c4 e5 2. Nc3 Nf6 3. Nf3 Nc6 4. a3 a5 5. d4 exd4 6. Nxd4 Be7 7. g3 Nxd4 8.
Qxd4 O-O 9. Bg2 d6 10. O-O Nd7 11. Nd5 Nc5 12. Qc3 Bf5 13. b3 c6 14. Bb2 f6 15.
Nf4 Re8 16. f3 Qb6 17. Qd4 Bd8 18. e4 Nxb3 19. c5 Qb5 20. a4 Qa6 21. Qc3 Nxa1
22. exf5 dxc5 23. Rxa1 Bc7 24. Bf1 Qa7 25. Qc4+ Kh8 26. Ne6 b5 27. Qh4 c4+ 28.
Kh1 Be5 29. Bxe5 fxe5 30. Ng5 h6 31. f6 Qd4 32. Qxd4 exd4 33. fxg7+ Kxg7 34.
Ne4 d3 35. Kg2 b4 36. Nd6 c3 37. Nxe8+ Rxe8 38. Bxd3 Rd8 39. Be4 Rd2+ 40. Kf1
b3 41. Rc1 c2 42. Ke1 Rxh2 43. Bxc2 bxc2 44. f4 Kf6 0-1

[Event "Michigan Action"]
[Site "Detroit, MI"]
[Date "1998.12.13"]
[Round "1"]
[White "Ghobrial, Ameer"]
[Black "Powell, Antione"]
[Result "1-0"]
[WhiteElo "2107"]
[BlackElo "858"]
[PlyCount "50"]
[EventDate "1998.12.13"]

1. c4 e5 2. Nc3 Nc6 3. g3 Nf6 4. Bg2 d6 5. d3 g6 6. Bd2 Bg7 7. h4 O-O 8. Qc1
Be6 9. Nf3 d5 10. Ng5 Bh6 11. Nxe6 Bxd2+ 12. Qxd2 fxe6 13. b3 e4 14. dxe4 dxe4
15. Qxd8 Raxd8 16. Nxe4 Nxe4 17. Bxe4 Nd4 18. h5 Rf6 19. Rd1 c5 20. f3 b5 21.
Kf2 Rdf8 22. hxg6 hxg6 23. Rh6 Kg7 24. Rdh1 Kf7 25. Rh7+ Ke8 {(...)} 1-0

[Event "Michigan Action"]
[Site "Detroit, MI"]
[Date "1998.12.13"]
[Round "3"]
[White "Ghobrial, Ameer"]
[Black "Chrzan, Anthony"]
[Result "1-0"]
[WhiteElo "2107"]
[BlackElo "1127"]
[PlyCount "59"]
[EventDate "1998.12.13"]

1. c4 e5 2. Nc3 Nf6 3. Nf3 Nc6 4. a3 d6 5. d4 exd4 6. Nxd4 Nxd4 7. Qxd4 c5 8.
Qd3 Be6 9. Bg5 Qa5 10. Bxf6 gxf6 11. e4 Bg7 12. Be2 f5 13. O-O Bxc3 14. bxc3
fxe4 15. Qxe4 Qxc3 16. Qxb7 O-O 17. Qe4 f5 18. Qxe6+ Kh8 19. Rad1 Rfe8 20. Qd5
Rad8 21. Bd3 Re5 22. Qf7 Rde8 23. Bxf5 R5e7 24. Qh5 Qg7 25. Rxd6 Re1 26. Rd7
Rxf1+ 27. Kxf1 Qa1+ 28. Rd1 Qg7 29. Qxe8+ Qg8 30. Qe5+ 1-0

[Event "Michigan Action"]
[Site "Detroit, MI"]
[Date "1998.12.13"]
[Round "4"]
[White "Gentry, Loyd"]
[Black "Jackson, Katrina"]
[Result "1-0"]
[WhiteElo "1697"]
[BlackElo "1339"]
[PlyCount "94"]
[EventDate "1998.12.13"]

1. e4 d5 2. exd5 Qxd5 3. Nc3 Qa5 4. d4 c6 5. Nf3 e6 6. Bd3 Nf6 7. O-O Bb4 8.
Bd2 O-O 9. Re1 Re8 10. Ne4 Nbd7 11. Bxb4 Qxb4 12. Qc1 b6 13. c3 Qe7 14. Qg5 h6
15. Qf4 c5 16. Nd6 Nh5 17. Qg4 Ndf6 18. Nxc8 Raxc8 19. Qh4 cxd4 20. Nxd4 g5 21.
Qh3 Nf4 22. Qxh6 Nxd3 23. Nxe6 fxe6 24. Qg6+ Qg7 25. Qxd3 Rcd8 26. Qc4 Qf7 27.
Re5 Ng4 28. Rxg5+ Kf8 29. Qxg4 Ke7 30. Re1 Rd6 31. Rg7 Rf8 32. Qg5+ Ke8 33.
Rxf7 Rxf7 34. Qg8+ Rf8 35. Rxe6+ Rxe6 36. Qxe6+ Kd8 37. Qd6+ Ke8 38. Qxf8+ Kxf8
39. f4 Kf7 40. g4 Kf6 41. h4 Kg6 42. h5+ Kh6 43. b4 a6 44. a4 Kg7 45. g5 Kf7
46. b5 axb5 47. axb5 Kg7 1-0

[Event "Michigan Action"]
[Site "Detroit, MI"]
[Date "1998.12.13"]
[Round "2"]
[White "Gentry, Loyd"]
[Black "Hooker, Larry"]
[Result "0-1"]
[WhiteElo "1697"]
[BlackElo "1279"]
[PlyCount "82"]
[EventDate "1998.12.13"]

1. e4 e5 2. Nf3 Nc6 3. Bc4 Bc5 4. O-O Nf6 5. Nc3 O-O 6. a3 d6 7. Na4 Nxe4 8. d3
Nxf2 9. Rxf2 Bxf2+ 10. Kxf2 Bg4 11. Be3 d5 12. Ba2 f5 13. Nc5 f4 14. Bd2 b6 15.
Ne4 Nd4 16. Bc3 Kh8 17. Ned2 Nxf3 18. gxf3 d4 19. fxg4 dxc3 20. bxc3 Qh4+ 21.
Kg2 f3+ 22. Kh1 Qf2 23. Nxf3 Rxf3 24. Bd5 Rh3 25. Bg2 Rh4 26. Qf3 Qxf3 27. Bxf3
Rf8 28. Kg2 Rh6 29. Re1 Rhf6 30. Bd5 Rf2+ 31. Kg3 Rxc2 32. c4 Rc3 33. Rxe5
Rxd3+ 34. Kg2 Rxa3 35. Re7 c5 36. Re2 a5 37. Rb2 Rb8 38. Bc6 Rc3 39. Bb5 Rd8
40. Re2 a4 41. Ra2 a3 0-1

[Event "Michigan Action"]
[Site "Detroit, MI"]
[Date "1998.12.13"]
[Round "5"]
[White "Gentry, Loyd"]
[Black "Ballicora, Miguel"]
[Result "0-1"]
[WhiteElo "1697"]
[BlackElo "2102"]
[PlyCount "56"]
[EventDate "1998.12.13"]

1. e4 c5 2. Nf3 Nc6 3. c3 e6 4. d4 d5 5. e5 Bd7 6. dxc5 Bxc5 7. Bd3 f6 8. exf6
Nxf6 9. O-O O-O 10. Bg5 Be8 11. Qc2 h6 12. Bh4 e5 13. b4 Bd6 14. Be2 Qc7 15.
Ne1 a5 16. b5 Ne7 17. Nd2 Bg6 18. Qb2 Nf5 19. Bg3 Nxg3 20. hxg3 Kh8 21. Rc1 Qf7
22. Qa1 Ba3 23. Rd1 Bc5 24. Nb3 Bb6 25. Nf3 Rad8 26. Nfd2 a4 27. Nc1 e4 28. Nb1
Nh5 0-1

[Event "Michigan Action"]
[Site "Detroit, MI"]
[Date "1998.12.13"]
[Round "6"]
[White "Gentry, Bronson"]
[Black "Wiener, Jack"]
[Result "1/2-1/2"]
[WhiteElo "1793"]
[BlackElo "1435"]
[PlyCount "143"]
[EventDate "1998.12.13"]

1. e4 c5 2. Nf3 Nc6 3. Bc4 e6 4. Nc3 a6 5. a3 Be7 6. O-O d6 7. d3 Nf6 8. Ba2
O-O 9. Ne2 e5 10. h3 Bd7 11. Nh2 Nd4 12. f4 Nxe2+ 13. Qxe2 Bc6 14. fxe5 dxe5
15. Nf3 Nh5 16. Kh2 Qd6 17. g4 Nf4 18. Bxf4 exf4 19. g5 Bxg5 20. Qg2 Bf6 21.
Rab1 h6 22. Kh1 Bd7 23. Qe2 Bxh3 24. e5 Bxe5 25. Qxe5 Qxe5 26. Nxe5 Bxf1 27.
Rxf1 g5 28. Kg2 Kg7 29. Nd7 Rfe8 30. Nxc5 Re2+ 31. Rf2 Rxf2+ 32. Kxf2 b6 33.
Nd7 b5 34. Nb6 Re8 35. Bd5 Rd8 36. Be4 Rd6 37. Nc8 Rd8 38. Ne7 h5 39. c3 g4 40.
Nf5+ Kf6 41. d4 a5 42. Bc2 f3 43. Ng3 h4 44. Ne4+ Kg7 45. Bd3 f5 46. Nd2 Kf6
47. Bxb5 Rb8 48. a4 Kg5 49. c4 Kf4 50. c5 g3+ 51. Kg1 h3 52. c6 Ke3 53. Nf1+
Kf4 54. Nd2 f2+ 55. Kf1 Re8 56. Be2 Ke3 57. Nc4+ Kxd4 58. Nd6 h2 59. Nxf5+ Kc5
60. Nxg3 Rh8 61. c7 Rc8 62. Kxf2 Rxc7 63. b3 Kb4 64. Bc4 Rh7 65. Kg2 Kc5 66.
Kh1 Kd4 67. Nf1 Kc3 68. Nxh2 Rb7 69. Nf3 Rxb3 70. Bxb3 Kxb3 71. Nd4+ Kxa4 72.
Nc6 1/2-1/2

[Event "Michigan Action"]
[Site "Detroit, MI"]
[Date "1998.12.13"]
[Round "4"]
[White "Gentry, Bronson"]
[Black "Scott, Tyron"]
[Result "1/2-1/2"]
[WhiteElo "1794"]
[BlackElo "1345"]
[PlyCount "58"]
[EventDate "1998.12.13"]

1. e4 e6 2. d4 d5 3. e5 c5 4. c3 Nc6 5. Nf3 Qb6 6. Bd3 Bd7 7. dxc5 Bxc5 8. O-O
a5 9. Nbd2 Nh6 10. Nb3 Be7 11. Bxh6 gxh6 12. Qd2 Bf8 13. Qc2 Rc8 14. a3 a4 15.
Nc1 d4 16. c4 Na5 17. Ne2 Nb3 18. Bxh7 Nxa1 19. Rxa1 Rxh7 20. Qxh7 Qxb2 21. Re1
Rxc4 22. Qd3 Rc2 23. Nfxd4 Rd2 24. Qc4 Bxa3 25. Kf1 b5 26. Qc7 Qa2 27. Nc6 Bxc6
28. Qxc6+ Kf8 29. Qxb5 Qb3 1/2-1/2

[Event "Michigan Action"]
[Site "Detroit, MI"]
[Date "1998.12.13"]
[Round "2"]
[White "Gentry, Bronson"]
[Black "Jackson, Katrina"]
[Result "1-0"]
[WhiteElo "1793"]
[BlackElo "1339"]
[PlyCount "47"]
[EventDate "1998.12.13"]

1. e4 e6 2. d4 d5 3. e5 c5 4. c3 Nc6 5. Nf3 cxd4 6. cxd4 Bb4+ 7. Nc3 Nge7 8.
Bd3 O-O 9. O-O Nf5 10. Bc2 h6 11. a3 Ba5 12. Be3 Bb6 13. Qd3 f6 14. g4 Nxe3 15.
Qh7+ Kf7 16. Bg6+ Ke7 17. Qxg7+ Rf7 18. exf6+ Kd6 19. Nb5+ Kd7 20. Qxf7+ Ne7
21. fxe7 Qxe7 22. Ne5+ Kd8 23. Qg8+ Qe8 24. Qxe8# 1-0

[Event "Michigan Action"]
[Site "Detroit, MI"]
[Date "1998.12.13"]
[Round "5"]
[White "Finegold, Spencer"]
[Black "Spencer, Tyrone"]
[Result "0-1"]
[WhiteElo "803"]
[BlackElo "922"]
[PlyCount "76"]
[EventDate "1998.12.13"]

1. d4 e6 2. Nf3 Nf6 3. Nc3 Bb4 4. Bd2 b6 5. g3 Bb7 6. Bg2 d6 7. O-O O-O 8. a3
Bxc3 9. Bxc3 Ne4 10. Qd3 d5 11. Qb5 Ba6 12. Qb4 Nc6 13. Qa4 Nxc3 14. Qxa6 Ne4
15. Qd3 Ng5 16. Nxg5 Qxg5 17. Qc3 Ne7 18. Qe3 Qxe3 19. fxe3 c5 20. dxc5 bxc5
21. c4 Nf5 22. cxd5 Nxe3 23. Rf3 Nxg2 24. Kxg2 exd5 25. Rf5 Rfe8 26. Kf2 Rad8
27. Rd1 Rb8 28. Rfxd5 g6 29. Rxc5 Rxb2 30. Re1 Re4 31. Rc7 a5 32. Rc8+ Kg7 33.
Kf3 Ra4 34. Ra1 Rb3+ 35. Rc3 Rxc3+ 36. e3 Raxa3 37. Rxa3 Rxa3 38. Ke2 Rb3 0-1

[Event "Michigan Action"]
[Site "Detroit, MI"]
[Date "1998.12.13"]
[Round "4"]
[White "Finegold, Spencer"]
[Black "Norwood, Wayne"]
[Result "0-1"]
[WhiteElo "803"]
[BlackElo "1013"]
[PlyCount "116"]
[EventDate "1998.12.13"]

1. d4 d5 2. Bf4 Nf6 3. Nf3 Bf5 4. Nbd2 Nc6 5. e3 e6 6. Bd3 Be7 7. O-O O-O 8.
Bxf5 exf5 9. h3 Ne4 10. Nxe4 fxe4 11. Ne5 Nxe5 12. Bxe5 Bf6 13. Bxf6 Qxf6 14.
Qg4 Qb6 15. b3 c6 16. Rab1 Qa5 17. a4 Qd2 18. Rbc1 f5 19. Qg3 Qb4 20. Qe5 Rae8
21. Qf4 Rd8 22. Rb1 Qd6 23. Qxd6 Rxd6 24. f4 Rc8 25. c3 b5 26. axb5 cxb5 27. b4
Rxc3 28. Kf2 Rdc6 29. Rfe1 Rd3 30. Rbc1 Rc4 31. Red1 Rxd1 32. Rxd1 Rxb4 33. g4
fxg4 34. hxg4 a5 35. g5 a4 36. Ra1 Rb2+ 37. Kg3 Re2 38. Rb1 Rxe3+ 39. Kf2 Rb3
40. Rc1 a3 41. Rc8+ Kf7 42. Rc7+ Kg6 43. Rc6+ Kh5 44. Rc1 a2 45. Ra1 Rf3+ 46.
Ke2 Rg3 47. Rxa2 Rg2+ 48. Kd1 Rxa2 49. Kc1 b4 50. Kb1 b3 51. Kc1 Rc2+ 52. Kb1
Kg4 53. g6 hxg6 54. f5 gxf5 55. Ka1 f4 56. Kb1 f3 57. Ka1 f2 58. Kb1 f1=R# 0-1

[Event "Michigan Action"]
[Site "Detroit, MI"]
[Date "1998.12.13"]
[Round "2"]
[White "Finegold, Spencer"]
[Black "Crawford, Brandon"]
[Result "0-1"]
[WhiteElo "803"]
[BlackElo "1005"]
[PlyCount "102"]
[EventDate "1998.12.13"]

1. d4 Nf6 2. Nc3 e6 3. e4 Bb4 4. Bd2 Bxc3 5. Bxc3 Nxe4 6. Bd3 Nxc3 7. bxc3 O-O
8. Ne2 b6 9. O-O Bb7 10. h3 Qg5 11. Ng3 e5 12. dxe5 Qxe5 13. Qe2 Qxe2 14. Nxe2
Nc6 15. Rae1 Ne5 16. Nf4 Nxd3 17. cxd3 c5 18. Re7 Bc6 19. d4 cxd4 20. cxd4 Rfe8
21. Rfe1 Rxe7 22. Rxe7 h6 23. d5 Bb5 24. Kh2 Kf8 25. d6 Re8 26. Nd5 Bc6 27.
Rxe8+ Kxe8 28. Nc7+ Kd8 29. Na6 Kc8 30. Kg3 h5 31. a3 Kb7 32. Nb4 a5 33. Nxc6
Kxc6 34. Kh4 g6 35. Kg5 Kxd6 36. Kf6 b5 37. Kxf7 a4 38. Kxg6 Ke5 39. Kf7 Kf4
40. Ke7 d5 41. Kf6 d4 42. Ke6 d3 43. Kd5 d2 44. Kc5 d1=Q 45. Kxb5 Qc2 46. Kb4
Ke4 47. Kb5 Kd4 48. Kb4 Kd5 49. Kb5 Qc4+ 50. Ka5 Kc5 51. f3 Qb5# 0-1

[Event "Michigan Action"]
[Site "Detroit, MI"]
[Date "1998.12.13"]
[Round "3"]
[White "Crawford, Brandon"]
[Black "Jointer, William"]
[Result "0-1"]
[WhiteElo "1005"]
[BlackElo "1600"]
[PlyCount "75"]
[EventDate "1998.12.13"]

1. e4 c5 2. Nf3 Nc6 3. d4 cxd4 4. Nxd4 Nf6 5. Nc3 g6 6. Be3 Bg7 7. Bc4 O-O 8.
O-O e6 9. Bg5 Qa5 10. Bxf6 Bxf6 11. Nb3 Qb4 12. Qd3 Ne5 13. Qd1 Nxc4 14. a3 Qe7
15. Re1 Nxb2 16. Qd2 Nc4 17. Qd3 Nb2 18. Qd2 d6 19. f4 Qc7 20. Nd4 Bd7 21. Kh1
a6 22. Nce2 Rac8 23. Rab1 Nc4 24. Qc3 b5 25. a4 e5 26. fxe5 Bxe5 27. axb5 axb5
28. Ng1 Be6 29. Rxb5 Qa7 30. Ngf3 Na3 31. Ra5 Rxc3 32. Rxa7 Nxc2 33. Nxe5 dxe5
34. Nxc2 Rxc2 35. h3 Rd8 36. Rg1 Rdd2 37. Ra5 Bxh3 38. Rxe5 0-1

[Event "Michigan Action"]
[Site "Detroit, MI"]
[Date "1998.12.13"]
[Round "1"]
[White "Crawford, Brandon"]
[Black "Gentry, Bronson"]
[Result "0-1"]
[WhiteElo "1005"]
[BlackElo "1793"]
[PlyCount "48"]
[EventDate "1998.12.13"]

1. d4 d5 2. c4 Nf6 3. Nc3 c6 4. Nf3 Bg4 5. Ne5 Bc8 6. e3 e6 7. Bd3 Bd6 8. O-O
O-O 9. c5 Bxe5 10. dxe5 Nfd7 11. f4 Nxc5 12. Bb1 Qh4 13. Rf3 g6 14. Rh3 Qe7 15.
Qf3 f5 16. exf6 Qxf6 17. Ne2 e5 18. Rg3 e4 19. Qf2 Ne6 20. Rh3 Nd7 21. Ng3 Ng5
22. Rh4 Nf3+ 23. gxf3 Qxh4 24. h3 Nf6 {(Time)} 0-1

[Event "Michigan Action"]
[Site "Detroit, MI"]
[Date "1998.12.13"]
[Round "5"]
[White "Chrzan, Anthony"]
[Black "West, Aaron"]
[Result "1-0"]
[WhiteElo "1127"]
[BlackElo "819"]
[PlyCount "71"]
[EventDate "1998.12.13"]

1. e4 e5 2. Nf3 Nc6 3. Bb5 Nf6 4. Bxc6 dxc6 5. Nxe5 Nxe4 6. Qe2 Qd5 7. Nf3 Be7
8. d3 Nf6 9. Nc3 O-O 10. Nxd5 Nxd5 11. c4 Nf6 12. O-O Bd6 13. Be3 Ng4 14. c5
Nxe3 15. Qxe3 Bxh2+ 16. Nxh2 Be6 17. f4 Rae8 18. Rae1 Bd7 19. Qf2 b6 20. cxb6
cxb6 21. Rxe8 Rxe8 22. Re1 Rd8 23. g4 Rf8 24. Qh4 f6 25. Re7 Rf7 26. Rxf7 Kxf7
27. Qxh7 c5 28. f5 Be8 29. Nf3 b5 30. d4 cxd4 31. Nxd4 a6 32. Qg6+ Kf8 33. Ne6+
Ke7 34. Qxg7+ Bf7 35. Qf8+ Kd7 36. Nc5+ 1-0